Countries of the World Which You Can Get By Typing 3 Letters - Statistics

General Stats
  • This quiz has been taken 698 times
  • The average score is 5 of 7
Answer Stats
Country % Correct
United States
95%
United Kingdom
88%
United Arab Emirates
86%
Democratic Republic of the Congo
71%
Central African Republic
67%
Papua New Guinea
43%
China
32%
No matching quizzes found
Score Distribution
Percent of People with Each Score
Percentile by Number Answered
Your Score History
You have not taken this quiz